01125cam a2200289 i 4500001001300000003000600013005001700019008004100036035002100077035002400098040004900122245017300171246002900344260006300373300003800436336002700474337005400501338002800555380001600583650002000599650003400619650003600653655002200689700004100711700004200752710004100794zz2007929576NUKAT20260411204548.0070918s1913 gw d |000 0dger c a(OCoLC)749436853 a(NUKAT)zz2007929576 aTOR U/PDJRcTOR U/PDJRdTOR U/APdKR 295/ADs00aLexikon der Pädagogik.nBd. 1,pAbbitte bis Forstschulen /cim Verein mit Fachmännern und unter besonderer Mitwirkung von Otto Willmann ; hrsg. von Ernst M. Roloff.3 aAbbitte bis Forstschulen aFreiburg im Breisgau :bHerdersche Verlagshandlung,c1913. aXVII, [1] s., 1346 szp. ;c26 cm. aTekstbtxt2rdacontent aBez urządzenia pośredniczącegobn2rdamedia aWoluminbnc2rdacarrier aKsiążki 7aPedagogika2DBN 7aEdukacjavencyklopedie.2kaba 7aPedagogikavencyklopedie.2kaba 7aEncyklopedia2DBN1 aWillmann, Ottod(1839-1920).eOprac.1 aRoloff, Ernst Maxd(1867-1935).eRed.2 aHerdersche Verlagsbuchhandlung.4pbl